000 00257nam a2200109Ia 4500
001 1272428
005 20260417151428.0
008 260417s9999 xx 000 0 und d
020 _a9786255929839
245 0 _aSafira
_cFatma Tülin
260 _bKetebe Genç
999 _c1272428
_d1272428